00566nam a2200181Ia 4500008004100000020001800041082002600059100001700085100002400102245007900126260004600205260002000251260000900271300001000280650004500290650001700335650003200352260428s9999 xx 000 0 und d a9789561421592 a332.10688 H411g 2017  aHax, Arnoldo aOlavarría, Lionel 0aGestión estratégica en el sector financiero: el modelo delta en el BCI aEdiciones Universidad Católica de Chile bSantiago, Chile c2017 a144p. aBanco de Crédito e Inversiones (Chile) aBancos Chile aComercialización bancaria